| 000 | 00521nam a2200181 i 4500 | ||
|---|---|---|---|
| 001 | 71192 | ||
| 003 | ES-MaACL | ||
| 005 | 20250818131136.0 | ||
| 007 | t| | ||
| 008 | 040806s1969 sp f |||| | spa d | ||
| 100 | 1 |
_aGautier, Théophile, _d1811-1872 _9170960 |
|
| 245 | 1 | 3 |
_aEl capitán fracasa / _cTheophile Gautier. |
| 260 |
_aMadrid : _bCírculo de Amigos de la Historia, _c[1969] |
||
| 300 |
_a252 p., 8 lám. ; _c18 cm. |
||
| 700 | 2 |
_a _9241853 |
|
| 852 |
_aES-MaACL _jC-40642 |
||
| 999 |
_c71192 _d71192 |
||